| Поле | Инд. | ПП | Название | Значение |
|---|---|---|---|---|
| Тип записи | a | |||
| Библиографический уровень | m | |||
| 001 | Контрольный номер | bb20303607234f55aec45190b688cd1c | ||
| 005 | Дата корректировки | 20260515104415.3 | ||
| 020 | a | ISBN | 978-5-09-121349-2 | |
| 097 | b | Оператор | *Ви* | |
| 100 | 1_ | a | Автор | Пурышева Н.С. |
| 245 | 10 | a | Заглавие | Физика. Базовый уровень |
| b | Продолж. заглавия | учебник для образовательных организаций, реализующих образовательные программы среднего профессионального образования | ||
| 250 | a | Основные сведения об издании | 2-е изд., стер. | |
| 260 | a | Место издания | Москва | |
| b | Издательство | Просвещение | ||
| c | Дата издания | 2025 | ||
| 300 | a | Объем | 512 с. | |
| 516 | 8_ | a | Прим. о типе комп. файла/ данных | Текст : электронный |
| 516 | 8_ | a | Прим. о типе комп. файла/ данных | Режим доступа: для авторизир. пользователей |
| 516 | 8_ | a | Прим. о типе комп. файла/ данных | Дата обращения: 05.05.2026 |
| 520 | 0_ | a | Аннотация | Данный учебник разработан в соответствии с требованиями Федерального государственного образовательного стандарта среднего общего образования в редакции Приказа Министерства просвещения Российской Федерации № 732 от 12.08.2022 г., требованиями Федеральной образовательной программы среднего общего образования, утверждённой Приказом Министерства просвещения Российской Федерации № 371 от 18.05.2023 г., и предназначен для реализации образовательных программ среднего профессионального образования, реализуемых на базе основного общего образования или интегрированных с образовательными программами основного общего и среднего общего образования, при освоении учебных предметов, курсов, дисциплин (модулей) основного общего образования и (или) среднего общего образования. Методический аппарат учебника составляют вопросы для самопроверки, упражнения, включающие качественные, графические и вычислительные задачи, исследовательские задания, темы проектов. |
| 535 | 1_ | a | Хранилище | ЭБС Лань |
| 653 | 0_ | a | Ключевые слова | Физика |
| a | Ключевые слова | СПО | ||
| 700 | 12 | a | Другие авторы | Важеевская Н.Е. |
| 700 | 12 | a | Другие авторы | Исаев Д.А. |
| 700 | 12 | a | Другие авторы | Чаругин В.М. |
| 856 | 40 | u | URL | https://e.lanbook.com/book/473021 |
| 901 | t | Тип документа | m | |
| 905 | b | Дата создания записи обработка | 15.05.26 | |
| 952 | b | Гриф литературы для ВШ | Допущено Министерством просвещения Российской Федерации |